| 000 | 00775nam a22001457a 4500 | ||
|---|---|---|---|
| 999 |
_c80283 _d80283 |
||
| 008 | 201130b ||||| |||| 00| 0 eng d | ||
| 040 |
_bger _cSTAFF _erda _aSTAFF |
||
| 100 | _aRößler, Hubertus | ||
| 245 |
_aFlorida statt Frankfurt: _bFußball: Sandro Henning lebt, studiert und trainiert seit August in den USA. Der 20-Jährige erzählt über seinen Wechsel aus der Brandenburg ans College, die Corona-Situation vor Ort, wie er die Präsidentschaftswahl verfolgt hat und was er aus der Heimat am meisten vermisst./ _cNancy Waldmann |
||
| 773 |
_dFrankfurt (Oder): Märkisches Verlags- und Druckhaus GmbH & Co KG _g31. Jahrgang (2020) Nr. 282 vom 03.12.2020, S. 22 _tMärkische Oderzeitung |
||
| 942 | _cA | ||